| 000 | 00957nam a2200241 a 4500 | ||
|---|---|---|---|
| 001 | 65709 | ||
| 003 | BD-RjUL | ||
| 005 | 20211209081444.0 | ||
| 008 | 170309s1989 ii ||||| b||| 00| 0 ben d | ||
| 020 | _a8170740452 | ||
| 035 | _a(BD-RjUL)65839 | ||
| 040 |
_aBD-RjUL _bben _cBD-RjUL |
||
| 041 | _aben | ||
| 082 |
_223 _a302.1454 _bBIA 1989 |
||
| 100 |
_aচন্দ্র, বিপান _9194326 |
||
| 245 |
_aআধুনিক ভারত ও সাম্প্রদায়িকতাবাদ / _cবিপান চন্দ্র |
||
| 260 |
_aকলকাতা : _bকে পি বাগচী এন্ড কোম্পানী, _c১৯৮৯. |
||
| 300 |
_axi, ৩৯৩পৃ. ; _c২২ সেমি. |
||
| 504 | _aগ্রন্থপঞ্জী সংযুক্ত । | ||
| 650 |
_aCommunalism _zIndia _9194327 |
||
| 650 |
_aসাম্প্রদায়িকতা _zইন্ডিয়া _9194328 |
||
| 942 |
_2ddc _cBK |
||
| 999 |
_c65709 _d65709 |
||